000 01603nam a22003977a 4500
003 CHAP
005 20220329143540.0
008 100513s2006 fr a r 00010 fre d
010 _a98390
011 _a99362
020 _a9264031294
035 _a110048
040 _cCHAP
082 0 4 _a330.14148
_bOc19
110 2 _aOrganización para la Cooperación y el Desarrollo Económicos. París
_983559
245 1 0 _aNormalisation internationale des fruits et légumes :
_braisins de table = International standardisation of fruit and vegetables : table grapes
_c/par Organization de Coopération et de Développement Économiques
246 1 0 _aInternational standardisation of fruit and vegetables :
_btable grapes
260 _aParis :
_bOECD,
_c2006
300 _a92 p. :
_bilus.
490 0 _aTrade and agriculture
500 _aEd. bilingüe : (francés, ingles)
590 _aBATCH-UPD
_b10
_c20130110
_lUCH01
_h1128
590 _aBATCH-UPD
_b10
_c20130410
_lUCH01
_h0718
590 _aBATCH-UPD
_b10
_c20130914
_lUCH01
_h1940
590 _aCONVERSION
_b10
_c20130109
_lUCH01
_h1354
650 1 4 _aProductos agrícolas
_xMercadeo.
_991951
650 1 4 _aProductos agrícolas
_xNormas de calidad.
_992001
650 1 4 _aUva.
_9117117
830 0 _aTrade and agriculture
_9114590
901 _aBK
911 _aen proceso
942 _cLIBRO
949 _a380.14148 Oc19
_bBC
_cLIBRO
_d33724002208835
_eLIBRO
_fc.3
_h112477
_i110048
_sb
949 _a380.14148 Oc19
_bBC
_cLIBRO
_d33724002209545
_eLIBRO
_h112475
_i110048
_sb
949 _a380.14148 Oc19
_bBC
_cLIBRO
_d33724002209587
_eLIBRO
_fc.2
_h112476
_i110048
_sb
999 _c98390
_d98390